000 00422cab a2200181 4500
001 X1872
008 090401t1994 xxu||||| |||| 00| 0 eng d
035 _a(Sirsi) u20074
041 _aeng
245 _aBlue plaques
260 _c1994
350 _a0
490 _aBuilding Conservation Newsletter
_v(9) Summer 1994, 7-8(2)
650 _aBLUE PLAQUES
690 _aCONSERVATION
942 _n0
948 _c04/03/1997
999 _c13449
_d13449